Cartilla 2016. Retencin̤ en la Fuente y Autorretenciones en la Fuente del CREE

Bibliographic Details
Main Author: Chavarro Cadena, Jorge Enrique
Other Authors: Cortes Guzman, Guillermo
Format: Book
Language:Spanish
Published: Colombia Editorial Nueva Legislacin̤ 2016
Subjects:
Online Access:Acceso restringido

MARC

LEADER 00000nam a22000007a 4500
005 20160613103230.0
007 cr|||| ||u|
008 160613s2016 ck ||||| |||| 00||0 spa d
020 |a 978-958-59217-3-3 
035 |a 14289 
040 |a vLex  
090 |c 6170  |d 6170 
100 1 |a Chavarro Cadena, Jorge Enrique 
245 1 0 |a Cartilla 2016. Retencin̤ en la Fuente y Autorretenciones en la Fuente del CREE  |h [Recurso electrn̤ico] /  |c Jorge Enrique Chavarro Cadena  
256 |a Servicio en ln̕ea  
260 |a Colombia  |b Editorial Nueva Legislacin̤  |c 2016 
300 |a 1 recurso electrn̤ico (340 pg̀inas) 
500 |a Diligenciamiento de la declaracin̤ de Retencin̤ en la Fuente y Autorretenciones en la Fuente del CREE. Ejercicios prc̀ticos y tarifas a retener por los diferentes conceptos. Normatividad - Doctrina - Jurisprudencia 
506 1 |a Contenido solo disponible en los productos indicados  |d vLex Global  |d vLex Global (Academic Edition, excluding Law Schools)  |d vLex Global (U.S. Academic Edition, Law Schools)  |d vLex Global (U.S. Academic Edition, excluding Law Schools)  |d vLex Global (Academic Edition, Law Schools) 
650 0 4 |a Derecho  |z Colombia 
700 1 |a Cortes Guzman, Guillermo  
740 0 |a vLex libros (servicio en ln̕ea) 
856 4 0 |u http://vlex.com/source/cartilla-2016-retencion-fuente-autorretenciones-fuente-cree-14289  |z Acceso restringido  
942 |c BOOK 
999 0 |a Law  |b Colombia